[Event "GER-ch U10 Girls"]
[Site "Willingen"]
[Date "2024.05.24"]
[Round "10"]
[White "Artemenko, Isabella"]
[Black "Mandziuk, Varvara"]
[Result "1-0"]
[WhiteElo "1237"]
[BlackElo "1146"]
[PlyCount "87"]
[EventDate "2024.05.19"]
[EventType "swiss"]
[EventRounds "11"]
[EventCountry "GER"]
[SourceTitle "CBM 220 Extra"]
[Source "ChessBase"]
[SourceDate "2024.07.31"]
[SourceVersion "1"]
[SourceVersionDate "2024.07.31"]
[SourceQuality "1"]

1. e4 e5 2. Nf3 Nc6 3. Bc4 Bc5 4. 0-0 Nf6 5. d4 Bxd4 6. Nxd4 Nxd4 7. Bg5 d6 8. f4 Be6 9. Bxe6 Nxe6 10. fxe5 Nxg5 11. exf6 gxf6 12. Qg4 Qe7 13. Nc3 h5 14. Qf5 Rh6 15. Nd5 Qd7 16. Nxf6+ Rxf6 17. Qxf6 Qg4 18. Qh8+ Kd7 19. Qxa8 h4 20. Qxb7 h3 21. g3 Qe2 22. Rxf7+ Nxf7 23. e5 Nxe5 24. Rf1 Ke6 25. Qc8+ Kd5 26. Qb7+ Ke6 27. Qc8+ Kd5 28. Qxh3 Nf3+ 29. Rxf3 Qxf3 30. Qg2 Qxg2+ 31. Kxg2 Ke5 32. Kf3 Kf6 33. Ke4 Ke7 34. Kd5 Kd8 35. Kc6 a6 36. h4 Ke7 37. Kxc7 d5 38. g4 Kf6 39. Kd6 d4 40. Kd5 a5 41. Kxd4 a4 42. Kc4 Kg6 43. Kb4 a3 44. Kxa3 1-0